000 00553nam a2200229Ia 4500
003 OSt
005 20220918180200.0
006 a|||||r|||| 00| 0
007 ta
008 220917b |||||||| |||| 00| 0 eng d
024 _a20,971
037 _cTextual
040 _aARTS
_cARTS
_beng
041 _2eng
_aeng
082 _aO:3M862:4, J2
100 _aHall Radclyfee
_955789
245 0 _aForge
260 _c1952
650 _aENGLISH LITERATURE
942 _hO:3M862:4, J2
_cTEXL
_2CC
999 _c160594
_d160594